000 00655nam a2200229 a 4500
001 000012112
005 20200929162711.0
008 091104s1995 sp 000 0bspa d
020 _a8420646822
040 _aDO-SdBNP
_bspa
_dBNPHU
082 _a927.862
_bB118G
100 1 _aGago, Luis Carlos
_928623
245 1 0 _aBach /
_cLuis Carlos Gago.
260 _aMadrid :
_bAlianza,
_c1995.
300 _a95 p. ;
_c15 cm.
490 1 _aAlianza cien
_v82
600 1 0 _aBACH, JOHANN SEBASTIAN,
_d1685-1750
_vBIOGRAFÍA
_928624
650 4 _aCompositores alemanes
_vBIOGRAFÍAS
_928625
830 0 _aAlianza cien ;
_v82
_912832
910 _aWM
049 _aBNPHU
999 _c11777
_d11777